000 nam a22 7a 4500
999 _c9987
_d9987
008 180209b ||||| |||| 00| 0 eng d
100 _aBurnett, F H
_96017
245 _aThe secret Garden
260 _aLondon
_bLadybird Publication
_c1994